Sistemas lineales de control : análisis y diseño convencional y moderno /
Guardado en:
| Autor Principal: | |
|---|---|
| Otros Autores: | |
| Formato: | Libro |
| Idioma: | Spanish English |
| Publicado: |
Madrid :
Paraninfo,
1977.
|
| Materias: | |
| Etiquetas: |
Agregar Etiqueta
Sin Etiquetas, Sea el primero en etiquetar este registro!
|
| LEADER | 00948nam a22002415a 4500 | ||
|---|---|---|---|
| 001 | EIQ.libpla003814 | ||
| 008 | 080325s1977####sp#a##########000#0#spa#d | ||
| 005 | 20080325152448.0 | ||
| 245 | 1 | 0 | |a Sistemas lineales de control : |b análisis y diseño convencional y moderno / |c John J. D'Azzo, Constantine H. Houpis. |
| 260 | |a Madrid : |b Paraninfo, |c 1977. | ||
| 300 | |a 751 p. : |b il. ; |c 23 cm. | ||
| 500 | |a Título original: Linear control system analysis and design (conventional and modern). | ||
| 500 | |a Traducido por: Joaquin G. Barquero. | ||
| 020 | |a 8428309191 | ||
| 100 | 1 | |a D'Azzo, John Joachim. | |
| 700 | 1 | |a Houpis, Constantine H. | |
| 650 | 4 | |a Sistemas lineales de control |x Análisis. | |
| 650 | 4 | |a Sistemas lineales de control |x Diseño. | |
| 650 | 4 | |a Linear control systems |x Design. | |
| 650 | 4 | |a Linear control systems |x Analysis. | |
| 040 | |a AR-BbSID |b spa |c AR-BbSID | ||
| 041 | 1 | |a spa |h eng | |
| 859 | |a AR-BbSID |b BIB. PLAPIQUI |h 629.8 |i D 338 |p 3068 | ||
